Адсорбционные свойства термически модифицированного торфа и полученных на его основе активных углей; Химия растительного сырья; № 1
| Parent link: | Химия растительного сырья: журнал теоретических и прикладных исследований/ Алтайский государственный университет (АлтГУ).— , 1997- № 1.— 2011.— [С. 169-174] |
|---|---|
| Prif Awdur: | |
| Awduron Eraill: | |
| Crynodeb: | Заглавие с экрана Физико-химическими методами исследования показано, что предварительная термическая обработка торфа в среде азота и его экстракция являются способами получения дешевых торфяных сорбентов в результате комплексной химической переработки торфа. Дальнейшая активация и карбонизация остатков торфа позволяеют получить активированные угли с лучшими сорбционными свойствами Режим доступа: по договору с организацией-держателем ресурса |
| Iaith: | Rwseg |
| Cyhoeddwyd: |
2011
|
| Pynciau: | |
| Mynediad Ar-lein: | http://elibrary.ru/item.asp?id=15859232 |
| Fformat: | Electronig Pennod Llyfr |
| KOHA link: | https://koha.lib.tpu.ru/cgi-bin/koha/opac-detail.pl?biblionumber=636832 |
MARC
| LEADER | 00000nla0a2200000 4500 | ||
|---|---|---|---|
| 001 | 636832 | ||
| 005 | 20250407093352.0 | ||
| 035 | |a (RuTPU)RU\TPU\network\888 | ||
| 090 | |a 636832 | ||
| 100 | |a 20140401d2011 k||y0rusy50 ca | ||
| 101 | 0 | |a rus | |
| 102 | |a RU | ||
| 135 | |a drnn ---uucaa | ||
| 181 | 0 | |a i | |
| 182 | 0 | |a b | |
| 200 | 1 | |a Адсорбционные свойства термически модифицированного торфа и полученных на его основе активных углей |f Н. В. Чухарева, С. Г. Маслов | |
| 203 | |a Текст |c электронный | ||
| 300 | |a Заглавие с экрана | ||
| 320 | |a [Библиогр.: с. 174 (8 назв.)] | ||
| 330 | |a Физико-химическими методами исследования показано, что предварительная термическая обработка торфа в среде азота и его экстракция являются способами получения дешевых торфяных сорбентов в результате комплексной химической переработки торфа. Дальнейшая активация и карбонизация остатков торфа позволяеют получить активированные угли с лучшими сорбционными свойствами | ||
| 333 | |a Режим доступа: по договору с организацией-держателем ресурса | ||
| 461 | |t Химия растительного сырья |o журнал теоретических и прикладных исследований |f Алтайский государственный университет (АлтГУ) |d 1997- | ||
| 463 | |t № 1 |v [С. 169-174] |d 2011 | ||
| 610 | 1 | |a электронный ресурс | |
| 610 | 1 | |a труды учёных ТПУ | |
| 610 | 1 | |a торф | |
| 610 | 1 | |a технический анализ | |
| 610 | 1 | |a экстракция | |
| 610 | 1 | |a полукоксование | |
| 610 | 1 | |a сорбционные свойства | |
| 610 | 1 | |a удельная поверхность | |
| 610 | 1 | |a микропоры | |
| 610 | 1 | |a химическая структура | |
| 610 | 1 | |a природные сорбенты | |
| 610 | 1 | |a активированный уголь | |
| 700 | 1 | |a Чухарева |b Н. В. |c специалист в области нефтегазового дела |c доцент Томского политехнического университета, кандидат химических наук |f 1967- |g Наталья Вячеславовна |3 (RuTPU)RU\TPU\pers\26133 |9 11962 | |
| 701 | 1 | |a Маслов |b С. Г. |c химик-технолог |c доцент Томского политехнического университета, кандидат технических наук |f 1939- |g Станислав Григорьевич |3 (RuTPU)RU\TPU\pers\26203 | |
| 801 | 2 | |a RU |b 63413507 |c 20150416 |g RCR | |
| 856 | 4 | |u http://elibrary.ru/item.asp?id=15859232 | |
| 942 | |c CF | ||